<?xml version="1.0" encoding="UTF-8"?>
<record
    xmlns:xsi="http://www.w3.org/2001/XMLSchema-instance"
    xsi:schemaLocation="http://www.loc.gov/MARC21/slim http://www.loc.gov/standards/marcxml/schema/MARC21slim.xsd"
    xmlns="http://www.loc.gov/MARC21/slim">

  <leader>00257nam a2200097Ia 4500</leader>
  <controlfield tag="001">930942</controlfield>
  <controlfield tag="005">20250826214859.0</controlfield>
  <controlfield tag="008">250824s9999    xx            000 0 und d</controlfield>
  <datafield tag="245" ind1=" " ind2="0">
    <subfield code="a">B&#xDC;LB&#xDC;L KORUSUNUN G&#x130;ZEM&#x130;/N2</subfield>
    <subfield code="c">LUCY STRANGEL</subfield>
  </datafield>
  <datafield tag="260" ind1=" " ind2=" ">
    <subfield code="b">HEP K&#x130;TAP YAYINEV&#x130;</subfield>
  </datafield>
  <datafield tag="999" ind1=" " ind2=" ">
    <subfield code="c">930942</subfield>
    <subfield code="d">930942</subfield>
  </datafield>
  <datafield tag="952" ind1=" " ind2=" ">
    <subfield code="0">0</subfield>
    <subfield code="1">0</subfield>
    <subfield code="4">0</subfield>
    <subfield code="7">0</subfield>
    <subfield code="a">1055</subfield>
    <subfield code="b">1055</subfield>
    <subfield code="d">2025-08-24</subfield>
    <subfield code="l">3</subfield>
    <subfield code="p">10552725</subfield>
    <subfield code="q">2026-05-13</subfield>
    <subfield code="r">2026-04-28 09:33:36</subfield>
    <subfield code="s">2026-04-28</subfield>
    <subfield code="w">2025-08-26</subfield>
    <subfield code="y">BK</subfield>
  </datafield>
</record>
